A konzervativizmusról
Elmentve itt :
| Szerző: | |
|---|---|
| Adatforrás: | Philobibl |
| Forrásdokumentuma: | Korunk 21.2010:10. p. 99-100. |
| Dokumentumtípus: | Cikk |
| Nyelv: | magyar |
| Kulcsszavak: | politikaelmélet konzevativizmus |
| LEADER | 00338nab a2200121 c 4500 | ||
|---|---|---|---|
| 001 | bibPHI0039790 | ||
| 005 | 20200924124225.3 | ||
| 008 | 101014s2010 rm hun | ||
| 100 | 1 | |a Degenfeld Sándor | |
| 245 | 1 | 2 | |a A konzervativizmusról |c Degenfeld Sándor |
| 695 | |a politikaelmélet | ||
| 695 | |a konzevativizmus | ||
| 773 | 0 | |t Korunk |g 21.2010:10. p. 99-100. | |